प्रीतीपुष्प (Record no. 1408260)

MARC details
000 -LEADER
fixed length control field 00619nam a22001817a 4500
003 - CONTROL NUMBER IDENTIFIER
control field OSt
005 - DATE AND TIME OF LATEST TRANSACTION
control field 20200802125643.0
008 - FIXED-LENGTH DATA ELEMENTS--GENERAL INFORMATION
fixed length control field 200802b xxu||||| |||| 00| 0 eng d
040 ## - CATALOGING SOURCE
Transcribing agency Marathi
082 ## - DEWEY DECIMAL CLASSIFICATION NUMBER
Item number 948
100 ## - MAIN ENTRY--PERSONAL NAME
Personal name फडके, ना. सी.
245 ## - TITLE STATEMENT
Title प्रीतीपुष्प
260 ## - PUBLICATION, DISTRIBUTION, ETC. (IMPRINT)
Place of publication, distribution, etc मुंबई
Name of publisher, distributor, etc गं. पां. परचुरे प्रकाशन
Date of publication, distribution, etc 1951
300 ## - PHYSICAL DESCRIPTION
Extent १३९ पृष्ठे
700 ## - ADDED ENTRY--PERSONAL NAME
Personal name फडके, कमला
856 ## - ELECTRONIC LOCATION AND ACCESS
Uniform Resource Identifier <a href="http://dspace.vpmthane.org:8080/jspui/bitstream/123456789/8774/1/948Priitipushhpa.pdf">http://dspace.vpmthane.org:8080/jspui/bitstream/123456789/8774/1/948Priitipushhpa.pdf</a>
942 ## - ADDED ENTRY ELEMENTS (KOHA)
Source of classification or shelving scheme Dewey Decimal Classification
Koha item type E-Book Marathi
Holdings
Withdrawn status Lost status Source of classification or shelving scheme Damaged status Not for loan Home library Current library Date acquired Total Checkouts Full call number Barcode Date last seen Uniform Resource Identifier Price effective from Koha item type
    Dewey Decimal Classification     VPM Digital Repository VPM Digital Repository 08/02/2020   948 VPMDIGI-948 08/02/2020 http://dspace.vpmthane.org:8080/jspui/bitstream/123456789/8774/1/948Priitipushhpa.pdf 08/02/2020 E-Book Marathi